Innovation how innovators think, act and change our world
Saved in:
| Main Author: | |
|---|---|
| Format: | Book |
| Language: | English |
| Published: |
London
Kogan Page
2013
|
| Subjects: | |
| Tags: |
No Tags, Be the first to tag this record!
|
MARC
| LEADER | 00000nam a2200000 4500 | ||
|---|---|---|---|
| 001 | 0194619 | ||
| 005 | 20230109114548.7 | ||
| 020 | |a 978-0-7494-6966-5 | ||
| 041 | 0 | |a eng | |
| 044 | |a GB | ||
| 245 | 1 | 0 | |a Innovation |b how innovators think, act and change our world |c Kim Chandler McDonald |
| 264 | 1 | |a London |b Kogan Page |c 2013 | |
| 300 | |a 250 s. | ||
| 610 | 2 | 0 | |a inovácia |
| 610 | 2 | 0 | |a podnikanie |
| 610 | 2 | 0 | |a ekonómia |
| 610 | 2 | 0 | |a zdravie |
| 610 | 2 | 0 | |a vzdelávanie |
| 610 | 2 | 0 | |a technológie informačné |
| 610 | 2 | 0 | |a kultúra |
| 610 | 2 | 0 | |a zmeny organizačné |
| 610 | 2 | 0 | |a zmeny technologické |
| 610 | 2 | 0 | |a osobnosť |
| 610 | 2 | 0 | |a kreativita |
| 610 | 2 | 0 | |a úspech pracovný |
| 100 | 1 | |a McDonald, Kim Chandler | |